L'État d'Espirito-Santo: (Registro n. 681)

Detalhes MARC
000 -LÍDER
campo de controle de tamanho fixo 01052nam a22002057a 4500
003 - IDENTIFICADOR DO NÚMERO DE CONTROLE
campo de controle BR-ViAPE
005 - DATA E HORÁRIO DA ÚLTIMA TRANSAÇÃO
campo de controle 20260515121051.0
008 - CAMPO DE DADOS FIXOS--INFORMAÇÃO GERAL
campo de controle de tamanho fixo 260515s1897 porb gs|||| 000 0 por d
040 ## - FONTE DA CATALOGAÇÃO
Instituição que transcreveu o registro BR-ViAPE
100 ## - ENTRADA PRINCIPAL--NOME PESSOAL
Nome pessoal Castello, Alvaro
245 ## - TÍTULO
Título L'État d'Espirito-Santo:
Restante do título son budget sa dette extérieure - són chemin de fer du sud - situation tendue remédes
246 ## - FORMA VARIANTE DO TÍTULO
Título/título abreviado O Estado do Espírito Santo:
Restante do título seu orçamento, sua dívida externa, sua estrada de ferro do sul - situação tensa, remédios
260 ## - PUBLICAÇÃO, DISTRIBUIÇÃO, ETC.
Local de publicação, distribuição, etc. Paris
Nome do editor, distribuidor, etc. Librairie e Marquet
Data da publicação, distribuição, etc. 1897
300 ## - DESCRIÇÃO FÍSICA
Extensão 28 p.
Outros detalhes físicos Documento digitalizado (PDF)
500 ## - NOTA GERAL
Nota geral Documento digitalizado do acervo institucional do Arquivo Público do Estado do Espírito Santo - APEES.
650 ## - ASSUNTO--TERMO TÓPICO
Cabeçalho tópico ou nome geográfico Economia
Subdivisão geral Finanças
-- Administração pública
Subdivisão geográfica Espírito Santo (Brasil)
651 ## - ASSUNTO—LOCAIS GEOGRÁFICOS E HISTÓRICOS
Nome geográfico Espírito Santo (Brasil)
856 ## - LOCALIZAÇÃO ELETRÔNICA E ACESSO
Uniform Resource Identifier <a href="https://ape.es.gov.br/Media/ape/PDF/Livros/Livros_Historicos/Obras_raras/seculo_XIX/APEES_OR_l'etat_d'espirito_santo_1897.pdf">https://ape.es.gov.br/Media/ape/PDF/Livros/Livros_Historicos/Obras_raras/seculo_XIX/APEES_OR_l'etat_d'espirito_santo_1897.pdf</a>
Texto de ligação CLIQUE AQUI PARA ACESSAR O DOCUMENTO
942 ## - ELEMENTOS DE ENTRADA ADICIONADOS (KOHA)
Fonte da classificação ou esquema de arquivamento na estante Dewey Decimal Classification
Tipo de material Koha Obras Raras
Ocultar no OPAC Yes
Exemplares
Status de descarte Fonte da classificação ou esquema de arquivamento na estante Status físico Não pode ser emprestado Biblioteca de origem Biblioteca atual Data de aquisição Total de empréstimos Data de último acesso Preço efetivo de Tipo de material Koha
  Dewey Decimal Classification     Biblioteca do Arquivo Público do Estado do Espírito Santo Biblioteca do Arquivo Público do Estado do Espírito Santo 05/15/2026   05/15/2026 05/15/2026 Obras Raras